| 000 | 00964nam0a22002891 4500 | ||
|---|---|---|---|
| 001 | rc\175694 | ||
| 005 | 20250620220954.0 | ||
| 010 |
_a5-02-002300-0 _91600 |
||
| 021 |
_aRU _b2009-78059 _92555 |
||
| 035 | _a(NLR Aleph) 005436816 | ||
| 090 |
_a4715035 _c4715035 |
||
| 100 | _a20030307d1996 |||y0rusy50 ca | ||
| 101 | 0 | _arus | |
| 102 | _aRU | ||
| 105 | _aa ||||||||| | ||
| 200 | 1 |
_aНазвания городов и сел _fОтв. ред. ЭМ. Мурзаев _gРос. акад. наук |
|
| 210 |
_aМ. _cНаука _d1996 |
||
| 215 |
_a147, [2] с. _cсхем. _d20 |
||
| 225 | 1 | _aСерия "Страны и народы" | |
| 320 | _aБиблиогр.: с. 145-148 | ||
| 700 | 1 |
_aПоспелов _bЕ. М. _cд-р геогр. наук _f1923-2007 _gЕвгений Михайлович _9172439 _3RU\NLR\AUTH\770172489 |
|
| 801 | 0 |
_aRU _bNLR _gpsbo |
|
| 801 | 1 |
_aRU _bELAR _2rusmarc |
|
| 852 |
_aNLR _j96-5/2099 |
||
| 942 | _cBOOK | ||
| 980 | _aNB | ||